000 00769nam a2200205Ia 4500
005 20250508162022.0
008 008 250505s9999 xx 000 0 eng d
020 _a0-333-26611-0
037 _aTextual
040 _aFEDL
_beng
_cFEDL
041 _aeng
_2eng
084 _a301.445, GOU
_qFEDL
100 _aGouldner Alvin W.
245 0 _aFuture of intellectuals and the rise of the new class : A frame of reference, theses, conjectures, arguments, and an historical perspective on the role of intellectuals and intelligentsia in the international class contest of the modern era
260 _aLondon, UK
_bThe Macmillan Press Ltd.
_c1979
300 _a121p.
650 _aSociology
942 _cTEXL
_h301.445, GOU
999 _c1373864
_d1373864